| 000 | 00791cam a22002292 4500 | ||
|---|---|---|---|
| 001 | 0000002506 | ||
| 005 | 20151217151856.0 | ||
| 008 | 070412s xx 000 0 eng d | ||
| 020 | _a0256219729 : | ||
| 040 |
_aKABU _cKABU |
||
| 050 | 0 |
_aHF5635 _b.I655 1997 Supp. |
|
| 245 | 1 | 0 |
_aAnnual report booklet to accompany Introduction to accounting : _ban intergrared approach / _cPenne Ainsworth ... [et al.] |
| 246 | 3 | _aIntroduction to accounting | |
| 260 |
_aBoston, Massachussets : _bIrwin/McGraw-Hill, _c[1997] |
||
| 300 | _a305 p. | ||
| 500 | _aIntroduction to accounting an intergrated approach. | ||
| 650 | 0 |
_aAccounting. _@0000148321 |
|
| 700 | 1 |
_aAinsworth, Penne. _@0000151879 |
|
| 908 | _a070412 | ||
| 950 | _@1 | ||
| 999 |
_c5890 _d5890 |
||